000 00720nam a2200289Ia 4500
005 20260324144730.0
008 008 260324s9999 xx 000 0 eng d
020 _a9781315115542
037 _aEBOOK
040 _aCRL
040 _beng
040 _cCRL
041 _2eng
041 _aeng
084 _qCRL
100 _aStephen N. Elliott; Joseph C. Witt
_91220398
245 4 _aThe Delivery of Psychological Services in Schools
245 0 _bConcepts, Processes, and Issues
260 _bTaylor and Francis
260 _c1986
365 _a
365 _b220
856 _uhttp://www.taylorfrancis.com/books/9781315115542
942 _cEBOOK
999 _c1827387
_d1827387